| 000 | 00372nam a2200133Ia 4500 | ||
|---|---|---|---|
| 008 | 220204s9999 xx 000 0 und d | ||
| 020 | _a0631221395 | ||
| 082 |
_a339 _bCAS |
||
| 100 | _aCastells, Manual | ||
| 245 | 4 | _aThe Information age : Economy, society and culture V.III. End of millennium | |
| 250 | _aEd.2 | ||
| 260 |
_aUK _bBlackwell Publishers _c2000 |
||
| 942 | _cBK | ||
| 999 |
_c41983 _d41983 |
||